000
00334pab a2200145 454500
008
180718b1997 xxu||||| |||| 00| 0 eng d
100
_a
Das Gupta, R.K.
245
_a
Netaji Subhas Chandra's economic thought
260
_c
1997
300
_a
p.9-11,29
362
_a
Oct
650
_a
Economics
773
_a
Yojana
909
_a
35566
999
_c
35566
_d
35566